Taller de prc̀ticas fiscales ISR, IVA, IMSS e INFONAVIT 2016

Detalles Bibliográficos
Autor principal: Přez Chavez, Jos ̌
Formato: Libro
Lenguaje:español
Publicado: Mexico Tax Editores 2016
Materias:
Acceso en línea:Acceso restringido

MARC

LEADER 00000nam a22000007a 4500
005 2016062108308.0
007 cr|||| ||u|
008 160621s2016 mx ||||| |||| 00||0 spa d
020 |a 978-607-440-873-7 
035 |a 14306 
040 |a vLex 
090 |c 6198  |d 6198 
100 1 |a Přez Chavez, Jos ̌ 
245 1 0 |a Taller de prc̀ticas fiscales ISR, IVA, IMSS e INFONAVIT 2016  |h [Recurso electronico] /   |c Jos ̌Přez Chavez  
256 |a Servicio en linea 
260 |a Mexico  |b Tax Editores  |c 2016 
300 |a 1 recurso electronico 
500 |a Mediante esta obra, los lectores estarǹ en posibilidad de entender y aplicar de manera inmediata las disposiciones fiscales que contienen nuestros principales ordenamientos tributarios federales, como son las leyes del Impuesto sobre la Renta, al Valor Agregado, de Ingresos de la Federacin̤ para el Ejercicio Fiscal de 2016, cuotas obrero-patronales al IMSS, aportaciones al Infonavit y Cd̤igo Fiscal de la Federacin̤. Ello se logra mediante la ilustracin̤ de sencillos casos prc̀ticos alusivos a cada tema. Esta edicin̤ se encuentra actualizada con el nuevo Reglamento de la Ley del Impuesto sobre la Renta, publicado en el Diario Oficial de la Federacin̤ el 8 de octubre de 2015, en vigor a partir del 9 de octubre del mismo aǫ. El presente libro est ̀dirigido a los estudiantes de la materia fiscal, a los maestros de contribuciones, a los encargados de cumplir con las obligaciones fiscales de las personas fs̕icas y morales; y, en general, a cualquier persona que se interese en la materia tributaria. 
506 1 |a Contenido solo disponible en los productos indicados  |d vLex Global  |d vLex Global (Academic Edition, excluding Law Schools)  |d vLex Global (U.S. Academic Edition, Law Schools)  |d vLex Global (U.S. Academic Edition, excluding Law Schools)  |d vLex Global (Academic Edition, Law Schools) 
650 0 4 |a Derecho fiscal  |z Mexico 
740 0 |a vLex libro (servicio en linea) 
856 4 0 |u http://vlex.com/source/taller-de-practicas-fiscales-isr-iva-imss-e-infonavit-2016-14306  |z Acceso restringido 
942 |c BOOK 
999 0 |a Taxation  |b Mexico